Sueño y realidad de Simón Bolívar

Gespeichert in:
Bibliographische Detailangaben
1. Verfasser: Chávez Peralta, Saúl
Format: Buch
Sprache:Spanisch
Veröffentlicht: Renacimiento. 1960.
Schlagworte:
Tags: Tag hinzufügen
Keine Tags, Fügen Sie den ersten Tag hinzu!

MARC

LEADER 00000nam a22000005a 4500
001 13571
003 CL-ChBUA
005 20120815103459.0
008 070301s1960 mx 000 0 spa
040 |a CL-ChBUA  |c CL-ChBUA 
082 0 0 |a 923 
090 |c 13571  |d 13571 
100 1 |a Chávez Peralta, Saúl. 
245 1 0 |a Sueño y realidad de Simón Bolívar 
260 |b Renacimiento.  |c 1960. 
300 |a 367 p.  |c 20 cm. 
504 |a Indice. 
650 4 |a BOLIVAR, SIMON - BIOGRAFIA. 
942 |c LIB 
952 |0 0  |1 0  |4 0  |7 0  |9 19177  |a UNACH  |b UNACH  |c 900  |d 2007-03-05  |i 10.546.  |l 0  |o 923 / Ch 512.  |p 20176  |r 2019-04-10 00:00:00  |u 19177  |w 2012-08-08  |y LIB  |k 923 / Ch 512. 
999 |c 13571  |d 13571